Green Arrow - Portrayals by Picture - Statistics

General Stats
  • This quiz has been taken 6 times
  • The average score is 1 of 21
Answer Stats
Picture Answer % Correct
Stephen Amell
60%
Alan Tudyk
20%
Kin Shriner
20%
Alan Tudyk
0%
Chris Diamantopoulos
0%
Chris Diamantopoulos
0%
Chris Hardwick
0%
David Jennison
0%
Eddie Perino
0%
James Arnold Taylor
0%
Jim Meskimen
0%
Jimmi Simpson
0%
Justin Hartley
0%
MacLeod Andrews
0%
Neal McDonough
0%
Norman Alden
0%
Phil Morris / Alan Tudyk / Stephen Amell / Chris Hardwick
0%
Reid Scott
0%
Robin Atkin Downes
0%
Stephen Amell
0%
Will Friedle
0%
No matching quizzes found
Score Distribution
Percent of People with Each Score
Percentile by Number Answered
Your Score History
You have not taken this quiz